[Event "Asia-chT 16th Tata Steel"]
[Site "Kolkata"]
[Date "2009.12.24"]
[Round "3"]
[White "Al Aqrabi, Saleh"]
[Black "Ahmed, Mahtabuddin"]
[Result "0-1"]
[WhiteElo "2201"]
[BlackElo "2171"]
[PlyCount "106"]
[EventDate "2009.12.22"]
[EventType "team-swiss"]
[EventRounds "7"]
[EventCountry "IND"]
[SourceTitle "EXT 2020"]
[Source "ChessBase"]
[SourceDate "2019.10.17"]
[SourceVersion "1"]
[SourceVersionDate "2019.10.17"]
[SourceQuality "1"]
[WhiteTeam "Yemen"]
[BlackTeam "Bangladesh"]
[WhiteTeamCountry "YEM"]
[BlackTeamCountry "BAN"]

1. d4 d5 2. Nf3 Nf6 3. Bf4 Bf5 4. e3 e6 5. c3 c6 6. Nbd2 Qb6 7. Qb3 Nbd7 8. h3 h6 9. Be2 Be7 10. 0-0 0-0 11. Rfe1 Rfc8 12. Bf1 c5 13. Ne5 c4 14. Qxb6 Nxb6 15. a4 a5 16. Rec1 Ne4 17. Nxe4 Bxe4 18. f3 Bh7 19. Ng4 f6 20. Nf2 Bg6 21. Be2 Rc6 22. e4 Bd6 23. Bxd6 Rxd6 24. Rd1 Be8 25. Rd2 Bxa4 26. f4 Bd7 27. e5 fxe5 28. fxe5 Rc6 29. Bh5 Rcc8 30. Bg6 Be8 31. Bc2 Nd7 32. Ng4 b5 33. Rf2 b4 34. Raf1 b3 35. Bb1 Bh5 36. Ne3 Rf8 37. g4 Rxf2 38. Rxf2 Be8 39. h4 a4 40. Kg2 g6 41. Kg3 Kg7 42. g5 h5 43. Ng2 a3 44. bxa3 Rxa3 45. Nf4 Nf8 46. Rb2 Bf7 47. Kf2 Ra1 48. Ke3 Nd7 49. Bxg6 Bxg6 50. Nxe6+ Kh7 51. Nf4 Nf8 52. e6 Nxe6 53. Nxe6 Re1+ 0-1

[Event "Asia-chT 16th Tata Steel"]
[Site "Kolkata"]
[Date "2009.12.22"]
[Round "1"]
[White "Al Aqrabi, Saleh"]
[Black "Toufighi, Homayoon"]
[Result "0-1"]
[WhiteElo "2201"]
[BlackElo "2454"]
[PlyCount "98"]
[EventDate "2009.12.22"]
[EventType "team-swiss"]
[EventRounds "7"]
[EventCountry "IND"]
[SourceTitle "EXT 2020"]
[Source "ChessBase"]
[SourceDate "2019.10.17"]
[SourceVersion "1"]
[SourceVersionDate "2019.10.17"]
[SourceQuality "1"]
[WhiteTeam "Yemen"]
[BlackTeam "Iran"]
[WhiteTeamCountry "YEM"]
[BlackTeamCountry "IRI"]

1. d4 e6 2. Nf3 Nf6 3. Bf4 b6 4. e3 Bb7 5. Nbd2 Be7 6. c3 0-0 7. Bd3 c5 8. 0-0 d6 9. h3 Nbd7 10. Rc1 Qc7 11. Qc2 Rac8 12. Ng5 h6 13. Nh7 Qc6 14. f3 Rfd8 15. Nxf6+ Nxf6 16. Ne4 Nd5 17. dxc5 bxc5 18. Qd2 Nxf4 19. exf4 Ba6 20. Rfd1 Bxd3 21. Qxd3 c4 22. Qe2 d5 23. Nf2 Qc7 24. g3 g5 25. Ng4 gxf4 26. Nxh6+ Kg7 27. Ng4 f5 28. Qxe6 Qb6+ 29. Qxb6 axb6 30. Ne5 Kf6 31. gxf4 Bc5+ 32. Kg2 Be3 33. Rc2 Bxf4 34. Ng4+ fxg4 35. fxg4 Ke6 36. Re2+ Kd6 37. Rf2 Be5 38. h4 Rf8 39. Rfd2 Rc5 40. g5 Ke6 41. Kh3 Rf3+ 42. Kg4 Rf4+ 43. Kh3 Rc8 44. h5 Rf3+ 45. Kg4 Rcf8 46. h6 R8f4+ 47. Kh5 Kf5 48. Rh1 Rg3 49. h7 Rxg5+ 0-1

[Event "Asia Clubs 1st"]
[Site "Al Ain"]
[Date "2008.12.26"]
[Round "2"]
[White "Purushottam, Chaugaim"]
[Black "Al Aqrabi, Saleh"]
[Result "0-1"]
[WhiteElo "1906"]
[BlackElo "2211"]
[PlyCount "82"]
[EventDate "2008.12.25"]
[EventType "team"]
[EventRounds "7"]
[EventCountry "UAE"]
[SourceTitle "CBM 127 Extra"]
[Source "ChessBase"]
[SourceDate "2009.01.08"]
[SourceVersion "2"]
[SourceVersionDate "2009.01.28"]
[SourceQuality "1"]

1. d4 d5 2. Nf3 c6 3. c4 Nf6 4. e3 Bg4 5. Nc3 e6 6. Be2 Nbd7 7. Qb3 Qb6 8. 0-0 Be7 9. Re1 0-0 10. Nd2 Bxe2 11. Nxe2 Rfe8 12. Nc3 Rab8 13. Qc2 Bf8 14. b3 Rbc8 15. Bb2 e5 16. dxe5 Nxe5 17. Ne2 Rcd8 18. Red1 Nfg4 19. Nf1 dxc4 20. bxc4 Ng6 21. Rd4 N4e5 22. Rb1 Qa6 23. c5 b5 24. Nd2 Qc8 25. a4 a6 26. axb5 cxb5 27. Ne4 Nc4 28. Ra1 Rxe4 29. Qxe4 Nxb2 30. Rxd8 Qxd8 31. Nd4 Qc8 32. c6 Nc4 33. Rd1 h6 34. Nf5 Nge5 35. Nd4 Bc5 36. f4 Bxd4 37. exd4 Qxc6 38. d5 Qc5+ 39. Kh1 Ng4 40. Qe8+ Kh7 41. h3 Nf2+ 0-1

[Event "Amman tt"]
[Site "Amman"]
[Date "2008.06.26"]
[Round "6"]
[White "Alzaim, Talal"]
[Black "Al Aqrabi, Saleh"]
[Result "0-1"]
[WhiteElo "2240"]
[BlackElo "2192"]
[PlyCount "51"]
[EventDate "2008.06.21"]
[EventType "team"]
[EventRounds "8"]
[EventCountry "JOR"]
[SourceTitle "CBM 125 Extra"]
[Source "ChessBase"]
[SourceDate "2008.09.01"]
[SourceVersion "1"]
[SourceVersionDate "2008.09.01"]
[SourceQuality "1"]

1. d4 d5 2. c4 c6 3. Nf3 Nf6 4. Nc3 e6 5. e3 Be7 6. Bd3 Nbd7 7. 0-0 0-0 8. e4 dxe4 9. Nxe4 Nxe4 10. Bxe4 Nf6 11. Bc2 a6 12. Ne5 c5 13. Be3 Qb6 14. b3 cxd4 15. Bxd4 Bc5 16. Bc3 Rd8 17. Qf3 Bd7 18. Nxd7 Nxd7 19. Bxh7+ Kxh7 20. Qxf7 e5 21. Rad1 Nf6 22. Bxe5 Rf8 23. Qc7 Bxf2+ 24. Kh1 Qe3 25. Bxf6 Rxf6 26. Qxb7 0-1

[Event "Arab Cities-chT 5th"]
[Site "Beirut"]
[Date "2007.04.14"]
[Round "8"]
[White "Al Amari, Ahmed"]
[Black "Al Aqrabi, Saleh"]
[Result "0-1"]
[WhiteElo "1854"]
[BlackElo "2218"]
[PlyCount "78"]
[EventDate "2007.04.08"]
[EventType "team"]
[EventRounds "9"]
[EventCountry "LBN"]
[SourceTitle "CBM 117 Extra"]
[Source "ChessBase"]
[SourceDate "2007.05.09"]
[SourceVersion "1"]
[SourceVersionDate "2007.05.09"]
[SourceQuality "1"]

1. e4 e6 2. d4 d5 3. e5 c5 4. c3 Nc6 5. Nf3 Qb6 6. a3 a5 7. Bd3 Bd7 8. Bc2 Rc8 9. 0-0 Be7 10. dxc5 Bxc5 11. Nbd2 f6 12. exf6 Nxf6 13. Nb3 Bd6 14. Nbd4 Nxd4 15. cxd4 0-0 16. Bd3 a4 17. Ne5 Bb5 18. b4 Bxd3 19. Qxd3 Bxe5 20. dxe5 Nd7 21. Bb2 Rc4 22. Rae1 Qc6 23. Re3 Rc8 24. h3 Rc2 25. Bd4 Qc4 26. Rd1 Qxd3 27. Rdxd3 R8c4 28. f4 Nb8 29. b5 Nd7 30. f5 Kf7 31. f6 Rc1+ 32. Kh2 gxf6 33. exf6 Rf1 34. g4 Rf4 35. Ba1 d4 36. Rf3 Re4 37. Rf2 e5 38. Kg3 Re1 39. Bb2 Nc5 0-1

[Event "Arab-chT Clubs"]
[Site "Amman"]
[Date "2006.05.??"]
[Round "2"]
[White "Amin, Bassem"]
[Black "Al Aqrabi, Saleh"]
[Result "0-1"]
[WhiteElo "2454"]
[BlackElo "2186"]
[PlyCount "96"]
[EventDate "2006.05.??"]
[EventType "team"]
[EventRounds "8"]
[EventCountry "JOR"]
[SourceTitle "CBM 112 Extra"]
[Source "ChessBase"]
[SourceDate "2006.07.14"]
[SourceVersion "1"]
[SourceVersionDate "2006.07.14"]
[SourceQuality "1"]

1. e4 e6 2. d3 d5 3. Nd2 c5 4. g3 Nf6 5. Bg2 Nc6 6. Ngf3 Be7 7. 0-0 0-0 8. Re1 Re8 9. e5 Nd7 10. Nf1 f6 11. exf6 Nxf6 12. c3 Bd6 13. d4 Qc7 14. a3 Bd7 15. b4 b6 16. Be3 c4 17. a4 a6 18. Qc2 Ne7 19. Ne5 Bxe5 20. dxe5 Ng4 21. Bd4 Nf5 22. Bh3 Nxd4 23. cxd4 Nh6 24. Ne3 b5 25. a5 Rad8 26. f4 Bc8 27. Rf1 Qe7 28. Rab1 Rf8 29. g4 Rf7 30. Rf3 Kh8 31. Qd2 g5 32. f5 exf5 33. gxf5 g4 34. f6 Qf8 35. Rg3 gxh3 36. Qf2 Qe8 37. Qf4 Ng8 38. Rf1 Qe6 39. Qg5 Nxf6 40. exf6 Qe4 41. Rf4 Qb1+ 42. Nf1 Qxb4 43. Qh4 Qf8 44. Nd2 Rd6 45. Nf3 Rfxf6 46. Ng5 Qe7 47. Nf7+ Qxf7 48. Qh6 Rxf4 0-1